书目信息 |
| 题名: |
生产建设项目水土保持天地一体化监管技术研究
|
|
| 作者: | 姜德文 , 亢庆 著 | |
| 分册: | ||
| 出版信息: | 北京 中国水利水电出版社 2018 |
|
| 页数: | 212页 | |
| 开本: | 26cm | |
| 丛书名: | ||
| 单 册: | ||
| 中图分类: | S157 | |
| 科图分类: | ||
| 主题词: | 基本建设项目--ji ben jian she xiang mu--水土保持--监测 | |
| 电子资源: | ||
| ISBN: | 978-7-5170-6336-0 | |
| 000 | 01181nam0 2200277 450 | |
| 001 | 012001002565 | |
| 005 | 20140101160922.0 | |
| 010 | @a978-7-5170-6336-0@dCNY78.00 | |
| 099 | @aCAL 012018081018 | |
| 100 | @a20180404d2018 em y0chiy50 ea | |
| 101 | 0 | @achi |
| 102 | @aCN@b110000 | |
| 105 | @aak a 000yy | |
| 106 | @ar | |
| 200 | 1 | @a生产建设项目水土保持天地一体化监管技术研究@Asheng chan jian she xiang mu shui tu bao chi tian di yi ti hua jian guan ji shu yan jiu@f姜德文, 亢庆著 |
| 210 | @a北京@c中国水利水电出版社@d2018 | |
| 215 | @a212页@c图 (部分彩图)@d26cm | |
| 320 | @a有书目 | |
| 330 | @a本书紧紧围绕生产建设项目水土保持“天地一体化”监管工作的新需求,从理论、技术、实践上进行了全面、深入的探索、实践和创新,特别是生产建设项目的空天调查分析技术、无人机及智能移动终端等现场调查技术、扰动图斑识别与生产建设项目提取技术等技术,研究成果更加注重技术先进性和成果实用性。 | |
| 333 | @a适用于生产建设项目管理人员及相关读者。 | |
| 606 | 0 | @a基本建设项目@Aji ben jian she xiang mu@x水土保持@x监测 |
| 690 | @aS157@v5 | |
| 701 | 0 | @a姜德文@Ajiang de wen@4著 |
| 701 | 0 | @a亢庆@Akang qing@4著 |
| 801 | 0 | @aCN@b北京卓展@c20191020 |
| 905 | @b1203900-3@dS157@e114@f4 | |
| 生产建设项目水土保持天地一体化监管技术研究/姜德文, 亢庆著.-北京:中国水利水电出版社,2018 |
| 212页:图 (部分彩图);26cm |
| 使用对象:适用于生产建设项目管理人员及相关读者。 |
| ISBN 978-7-5170-6336-0:CNY78.00 |
| 本书紧紧围绕生产建设项目水土保持“天地一体化”监管工作的新需求,从理论、技术、实践上进行了全面、深入的探索、实践和创新,特别是生产建设项目的空天调查分析技术、无人机及智能移动终端等现场调查技术、扰动图斑识别与生产建设项目提取技术等技术,研究成果更加注重技术先进性和成果实用性。 |
| ● |
| 相关链接 |
|
|
|
|
正题名:生产建设项目水土保持天地一体化监管技术研究
索取号:S157/114
 
预约/预借
| 序号 | 登录号 | 条形码 | 馆藏地/架位号 | 状态 | 备注 |
| 1 | 1203900 | 212039006 | 第二样本阅览室/ [索取号:S157/114] | 在馆 | |
| 2 | 1203901 | 212039015 | 第三借阅区/ [索取号:S157/114] | 在馆 | |
| 3 | 1203902 | 212039024 | 第三借阅区/ [索取号:S157/114] | 在馆 | |
| 4 | 1203903 | 212039033 | 第三借阅区/ [索取号:S157/114] | 在馆 |